000 01330nab a2200229 i 4500
001 170439
003 ES-MaACL
005 20250901104709.0
008 090305m18861887sp 000 0 spa d
100 1 _aPedregal Cañedo, Manuel,
_d1831-1896
_9130930
245 1 0 _aD. Álvaro Flórez Estrada - La organización industrial y mercantil de la España antigua - La libertad de trabajo y de cambio - La situación y las necesidades actuales de la industria y del comercio : 31ª conferencia [del ciclo "La España del siglo XIX", Ateneo Científico, Literario y Artístico de Madrid] /
_corador, Manuel Pedregal.
600 1 4 _aFlórez Estrada, Álvaro.
_9227126
610 2 4 _aAteneo de Madrid-
_vConferencias-
_yS.XIX.
_91910
610 2 4 _aAteneo de Madrid-
_vObras digitalizadas.
_91930
650 4 _aIndustria-
_zEspaña.
_9227127
650 7 _aComercio-
_zEspaña-
_yS.XIX
_2
_9174680
773 0 _tLa España del siglo XIX : colección de conferencias históricas celebradas durante el curso de 1885-86 [y curso de 1886-87],
_dMadrid : Librería de Don Antonio San Martín, 1886-1887,
_gT. 3, p. 197-220
_082158
_985194
_w82158
856 4 _uhttp://www.ateneodemadrid.com/biblioteca_digital/folletos/Folletos-0119.pdf
_zVer documento
942 _cANAM
_2udc
999 _c170439
_d170439